| 000 | 01713cam a22004934i 4500 | ||
|---|---|---|---|
| 003 | PE-LiUPU | ||
| 005 | 20250731184527.0 | ||
| 008 | 150623s1994 xxua r 000 0 eng d | ||
| 020 | _a0500273847 | ||
| 035 | _a(Sirsi) i9780500273845 | ||
| 040 |
_aPE-LiUPU _bspa _cPE-LiUPU _erda |
||
| 049 | _aPRUA | ||
| 082 | 0 | 4 |
_a935.03 _bO21 _221 |
| 100 | 1 |
_aOates, Joan, _eautor. |
|
| 245 | 1 | 0 |
_aBabylon / _cJoan Oates. |
| 264 | 1 |
_aRotterdam : _bThames and Hudson, _c1994. |
|
| 300 |
_a216 páginas : _bilustraciones mapas, fotos, gráficos ; _c24 centímetros |
||
| 336 |
_atext _2rdacontent |
||
| 337 |
_aunmediated _2rdamedia |
||
| 338 |
_avolume _2rdacarrier |
||
| 490 | 0 | _aAncient peoples and places | |
| 504 | _aBibliografía: p. 211. | ||
| 505 | 0 | _aIntroducction -- From sargon to hammurapi -- The old babylonian period -- Kassites and chaldaeans -- Assyrians, Babylonians, Persians and Greeks -- The legacy of Babylon. | |
| 526 | _aP136 | ||
| 526 | _aP135 | ||
| 526 | _aP134 | ||
| 526 | _aP133 | ||
| 526 | _aP144 | ||
| 526 | _aP143 | ||
| 526 | _aP87 | ||
| 526 | _aP35 | ||
| 526 | _aP20 | ||
| 526 | _aP14 | ||
| 526 | _aP10 | ||
| 526 | _aP06 | ||
| 650 | 1 | 4 | _aCivilización asirio-babilónica. |
| 651 | 4 |
_aBabilonia (ciudad extinta) _xHistoria. |
|
| 942 |
_2ddc _cBOOK |
||
| 949 |
_a935.03 O21 _wDEWEY _c1 _i44196 _lCCODEBUL1 _mBUL _r0 _sY _tBOOK _u2015-6-24 _xTEOLOGIA _PP35 _0COMPRA _o.STAFF. Colección Teología |
||
| 994 |
_aC0 _bPEPRU |
||
| 596 | _a1 | ||
| 999 |
_a935.03 O21 _wDEWEY _c21071 _i44196 _f2021-11-11 _g5 _lCCODEBUL1 _mBUL _p30.00 _r0 _sY _tBOOK _u2015-6-24 _xTEOLOGIA _PP35 _0COMPRA _o.STAFF. Colección Teología _d21071 |
||
| 980 |
_81 _gALBERTO SANCHEZ Responsable de Automatización |
||